[Event "Ljubljana-chT 75th"]
[Site "Ljubljana"]
[Date "2023.03.09"]
[Round "7.3"]
[White "Babarovic, Fran"]
[Black "Timagina, Sofia"]
[Result "1-0"]
[WhiteElo "1275"]
[BlackElo "1426"]
[PlyCount "79"]
[EventDate "2023.01.12"]
[EventType "team-swiss"]
[EventRounds "9"]
[EventCountry "SLO"]
[SourceTitle "EXT 2024"]
[Source "ChessBase"]
[SourceDate "2023.10.10"]
[SourceVersion "1"]
[SourceVersionDate "2023.10.10"]
[SourceQuality "1"]
[WhiteTeam "Komenda Pogi"]
[BlackTeam "Domzale SD"]
[WhiteTeamCountry "SLO"]
[BlackTeamCountry "SLO"]

1. e4 e5 2. Nf3 Nc6 3. Bc4 Bc5 4. d3 Nf6 5. c3 0-0 6. 0-0 d5 7. exd5 Nxd5 8. Bg5 f6 9. b4 Bb6 10. Bh4 Kh8 11. Bxd5 Qxd5 12. c4 Qf7 13. c5 Nxb4 14. cxb6 axb6 15. a3 Qg6 16. Qc1 c5 17. Qb2 Nxd3 18. Qxb6 Bf5 19. Bg3 Be4 20. Nbd2 Bc6 21. Ne1 Nxe1 22. Rfxe1 h5 23. h4 f5 24. Qxc5 f4 25. Rxe5 fxg3 26. Rxh5+ Kg8 27. f3 Rad8 28. Nf1 Qf6 29. Re1 Qb2 30. Re7 Rd1 31. Qc4+ Bd5 32. Rxg7+ Qxg7 33. Rxd5 b5 34. Rxb5+ Rf7 35. Rb8+ Kh7 36. Qc2+ Qg6 37. Qxd1 Qf5 38. Qb1 Qxb1 39. Rxb1 Ra7 40. Rb3 1-0

[Event "EU-ch Cities&Town op"]
[Site "Tornelo INT"]
[Date "2023.01.29"]
[Round "?"]
[White "Ribbegren, Karl Johan"]
[Black "Babarovic, Fran"]
[Result "1-0"]
[WhiteElo "2158"]
[BlackElo "1275"]
[PlyCount "43"]
[EventDate "2023.01.29"]
[EventType "team-swiss"]
[EventRounds "9"]
[EventCountry "NET"]
[SourceTitle "CBM 212 Extra"]
[Source "ChessBase"]
[SourceDate "2023.03.31"]
[SourceVersion "1"]
[SourceVersionDate "2023.03.31"]
[SourceQuality "1"]
[WhiteTeam "Monte Carlo"]
[BlackTeam "Ljubljana Komenda"]
[WhiteTeamCountry "MNC"]
[BlackTeamCountry "SLO"]

1. d4 d5 2. Nf3 c6 3. Nbd2 Nf6 4. e3 Bf5 5. Bd3 Bg6 6. 0-0 e6 7. Ne5 Bd6 8. f4 Nbd7 9. Qf3 Bh5 10. Qg3 Bxe5 11. fxe5 Ne4 12. Bxe4 dxe4 13. Qxg7 Ke7 14. Qg5+ Ke8 15. Qxh5 Qe7 16. Nxe4 Kd8 17. Rxf7 Qb4 18. c3 Qb5 19. Qg5+ Kc7 20. Rxd7+ Kxd7 21. Qg7+ Kc8 22. Nd6+ 1-0

[Event "Ljubljana-chT 75th"]
[Site "Ljubljana"]
[Date "2023.01.19"]
[Round "2.3"]
[White "Babarovic, Fran"]
[Black "Smirnov, Maksim"]
[Result "1-0"]
[WhiteElo "1275"]
[BlackElo "1405"]
[PlyCount "147"]
[EventDate "2023.01.12"]
[EventType "team-swiss"]
[EventRounds "9"]
[EventCountry "SLO"]
[SourceTitle "EXT 2024"]
[Source "ChessBase"]
[SourceDate "2023.10.10"]
[SourceVersion "1"]
[SourceVersionDate "2023.10.10"]
[SourceQuality "1"]
[WhiteTeam "Komenda Pogi"]
[BlackTeam "Kranj Tomo Zupan"]
[WhiteTeamCountry "SLO"]
[BlackTeamCountry "SLO"]

1. e4 c6 2. d4 d5 3. Nc3 dxe4 4. Nxe4 Nf6 5. Nxf6+ exf6 6. Bf4 Bd6 7. Bxd6 Qxd6 8. Nf3 0-0 9. Be2 Bf5 10. 0-0 Na6 11. Bxa6 bxa6 12. c3 Rab8 13. b3 c5 14. d5 c4 15. bxc4 Rbc8 16. Qd4 Qc5 17. Nd2 Qa3 18. Nb3 Bc2 19. c5 Rfd8 20. c4 a5 21. Qc3 a4 22. Qxc2 axb3 23. axb3 Qxc5 24. Qd3 Rb8 25. Rfe1 a5 26. Qe3 Qb4 27. Ra4 Qxb3 28. Qxb3 Rxb3 29. Rxa5 Rc3 30. Rc5 g6 31. Rc6 Rd3 32. g3 Kf8 33. Rc7 Re8 34. Ra1 Re2 35. Raa7 Rd1+ 36. Kg2 f5 37. Rxf7+ Kg8 38. Rfc7 Re8 39. Rg7+ Kh8 40. Rxh7+ Kg8 41. Rhg7+ Kh8 42. Rxg6 Rd2 43. Rg5 f4 44. Ra6 Kh7 45. Rf5 fxg3 46. hxg3 Rc2 47. Rc6 Rd2 48. d6 Kg8 49. d7 Rxd7 50. Rd5 Rf7 51. f4 Ra7 52. f5 Ra2+ 53. Kh3 Rf2 54. Rg6+ Kh7 55. Rd7+ Kh8 56. Rd4 Re7 57. Rh4+ Rh7 58. Rxh7+ Kxh7 59. g4 Kh8 60. c5 Rc2 61. c6 Kh7 62. Kg3 Rc4 63. Rd6 Kh8 64. Rd8+ Kg7 65. Rd7+ Kh6 66. Rd6+ Kh7 67. g5 Kg8 68. Rd8+ Kf7 69. g6+ Ke7 70. g7 Rc5 71. Kf4 Rc4+ 72. Kg5 Rc5 73. Rd7+ Ke8 74. g8R# 1-0

[Event "SLO-chT2 West"]
[Site "Komenda"]
[Date "2022.11.27"]
[Round "7.3"]
[White "Krupenko, Peter"]
[Black "Babarovic, Fran"]
[Result "1-0"]
[WhiteElo "1932"]
[BlackElo "1172"]
[PlyCount "65"]
[EventDate "2022.11.19"]
[EventType "team-tourn"]
[EventRounds "7"]
[EventCountry "SLO"]
[SourceTitle "EXT 2024"]
[Source "ChessBase"]
[SourceDate "2023.10.10"]
[SourceVersion "1"]
[SourceVersionDate "2023.10.10"]
[SourceQuality "1"]
[WhiteTeam "Trzin"]
[BlackTeam "Komenda SK II"]
[WhiteTeamCountry "SLO"]
[BlackTeamCountry "SLO"]

1. Nf3 d5 2. d4 c6 3. g3 Nf6 4. Bg2 Bf5 5. 0-0 e6 6. Nh4 Bg6 7. c4 Be7 8. Nc3 Nbd7 9. Qb3 Qb6 10. Nxg6 hxg6 11. e4 dxe4 12. Nxe4 Nxe4 13. Bxe4 Rb8 14. Bf4 Rd8 15. Be3 Nf6 16. Bf3 Qxb3 17. axb3 a6 18. Kg2 Kd7 19. Bd2 Kc7 20. Ba5+ b6 21. Bc3 a5 22. c5 Ra8 23. b4 axb4 24. Bxb4 Nd5 25. Bxd5 cxd5 26. cxb6+ Kd7 27. Bc5 Bxc5 28. dxc5 Kc6 29. b4 d4 30. Rfc1 e5 31. b5+ Kxb5 32. Rxa8 Rxa8 33. b7 1-0

[Event "SLO-chT2 West"]
[Site "Komenda"]
[Date "2022.11.20"]
[Round "3.4"]
[White "Babarovic, Fran"]
[Black "Krivec, Metod"]
[Result "0-1"]
[WhiteElo "1172"]
[BlackElo "1759"]
[PlyCount "84"]
[EventDate "2022.11.19"]
[EventType "team-tourn"]
[EventRounds "7"]
[EventCountry "SLO"]
[SourceTitle "EXT 2024"]
[Source "ChessBase"]
[SourceDate "2023.10.10"]
[SourceVersion "1"]
[SourceVersionDate "2023.10.10"]
[SourceQuality "1"]
[WhiteTeam "Komenda SK II"]
[BlackTeam "Radovljica"]
[WhiteTeamCountry "SLO"]
[BlackTeamCountry "SLO"]

1. e4 e6 2. d4 d5 3. exd5 exd5 4. Nc3 Nf6 5. Nf3 h6 6. Bf4 Be7 7. Bd3 0-0 8. 0-0 Bg4 9. h3 Bh5 10. Re1 Nbd7 11. Bxc7 Qxc7 12. Rxe7 Rfe8 13. Rxe8+ Rxe8 14. g4 Bg6 15. Bxg6 fxg6 16. Qd3 g5 17. Qb5 Qf4 18. Kg2 Nb6 19. a4 Rf8 20. Qe2 Re8 21. Qd3 Nc4 22. b3 Nd6 23. Ne2 Qe4 24. Qxe4 Nfxe4 25. Ng3 Nxg3 26. fxg3 Re2+ 27. Kg1 Rxc2 28. Rb1 Ne4 29. h4 Rc3 30. Kg2 Rxf3 31. Kxf3 Nd2+ 32. Ke3 Nxb1 33. Kd3 b5 34. Kc2 Na3+ 35. Kb2 b4 36. Kc1 Kf7 37. Kb2 Kg6 38. h5+ Kf6 39. Kc1 g6 40. hxg6 Kxg6 41. Kd2 h5 42. gxh5+ Kxh5 0-1

[Event "SLO-chT Central 22nd"]
[Site "Slovenia"]
[Date "2021.10.22"]
[Round "6.3"]
[White "Babarovic, Fran"]
[Black "Kanc, Ignacij"]
[Result "1-0"]
[WhiteElo "1108"]
[BlackElo "1398"]
[PlyCount "43"]
[EventDate "2021.09.16"]
[EventType "team-tourn"]
[EventRounds "7"]
[EventCountry "SLO"]
[SourceTitle "EXT 2024"]
[Source "ChessBase"]
[SourceDate "2023.10.10"]
[SourceVersion "1"]
[SourceVersionDate "2023.10.10"]
[SourceQuality "1"]
[WhiteTeam "Komenda Pogi"]
[BlackTeam "Ljubljana Karel Jeraj"]
[WhiteTeamCountry "SLO"]
[BlackTeamCountry "SLO"]

1. e4 e5 2. Nf3 d6 3. d4 exd4 4. Qxd4 h6 5. Bb5+ c6 6. Bc4 Nf6 7. 0-0 Be7 8. Bf4 0-0 9. e5 d5 10. exf6 Bxf6 11. Be5 dxc4 12. Bxf6 Qxf6 13. Qxf6 gxf6 14. Nc3 Bf5 15. Nd4 Bg6 16. Rfe1 Nd7 17. f4 c5 18. Ndb5 Bxc2 19. Re7 Bf5 20. Nd6 Bg4 21. h3 Be6 22. f5 1-0

[Event "Ljubljana-chT 73rd"]
[Site "Ljubljana"]
[Date "2020.01.16"]
[Round "1.2"]
[White "Babarovic, Fran"]
[Black "Debevec, Blaz"]
[Result "0-1"]
[WhiteElo "1219"]
[BlackElo "2211"]
[PlyCount "68"]
[EventDate "2020.01.16"]
[EventType "team-swiss"]
[EventRounds "6"]
[EventCountry "SLO"]
[SourceTitle "EXT 2024"]
[Source "ChessBase"]
[SourceDate "2023.10.10"]
[SourceVersion "1"]
[SourceVersionDate "2023.10.10"]
[SourceQuality "1"]
[WhiteTeam "Komenda Pogi"]
[BlackTeam "Komenda Popotnik"]
[WhiteTeamCountry "SLO"]
[BlackTeamCountry "SLO"]

1. e4 e6 2. Nf3 c5 3. Bc4 d6 4. Nc3 a6 5. a4 Nc6 6. d4 cxd4 7. Nxd4 Be7 8. Be3 Nf6 9. 0-0 Qc7 10. Qd2 Ne5 11. Bb3 Nc4 12. Bxc4 Qxc4 13. Qd3 Qc7 14. f4 b6 15. Kh1 Bb7 16. Bf2 Rc8 17. Rac1 Qc4 18. Qxc4 Rxc4 19. Rfe1 0-0 20. e5 Ng4 21. Bg1 dxe5 22. fxe5 Bg5 23. Rcd1 Bf4 24. Nf3 Bxf3 25. gxf3 Nxe5 26. Bxb6 Rfc8 27. a5 h5 28. Re4 Rxe4 29. fxe4 Nc4 30. Na4 Kh7 31. Rd7 Ne5 32. Ra7 Rxc2 33. Rxa6 Nf3 34. Bg1 Bxh2 0-1

[Event "SLO-chT2 West"]
[Site "Komenda"]
[Date "2019.11.16"]
[Round "2.5"]
[White "Babic, Miroslav"]
[Black "Babarovic, Fran"]
[Result "1-0"]
[WhiteElo "1695"]
[BlackElo "1210"]
[PlyCount "91"]
[EventDate "2019.11.15"]
[EventType "team-tourn"]
[EventRounds "9"]
[EventCountry "SLO"]
[SourceTitle "EXT 2024"]
[Source "ChessBase"]
[SourceDate "2023.10.10"]
[SourceVersion "1"]
[SourceVersionDate "2023.10.10"]
[SourceQuality "1"]
[WhiteTeam "Ljubljana SK"]
[BlackTeam "Komenda SK"]
[WhiteTeamCountry "SLO"]
[BlackTeamCountry "SLO"]

1. e4 e5 2. Nf3 Nc6 3. Bc4 Bc5 4. d3 d6 5. Nc3 Bg4 6. Be3 Nd4 7. Na4 Nxf3+ 8. gxf3 Bxe3 9. fxe3 Qh4+ 10. Ke2 Bh5 11. Qe1 Qxe1+ 12. Raxe1 Nf6 13. Nc3 c6 14. Rhg1 Bg6 15. b4 0-0-0 16. f4 Bh5+ 17. Kd2 Ng4 18. h3 Nh2 19. Rg3 Nf3+ 20. Rxf3 Bxf3 21. Bxf7 Rhf8 22. Be6+ Kb8 23. f5 d5 24. exd5 cxd5 25. e4 dxe4 26. Nxe4 g6 27. fxg6 hxg6 28. c4 Rf4 29. Ng5 e4 30. Bd5 Rf5 31. Nxe4 Bxe4 32. Rxe4 Rf2+ 33. Ke3 Rxa2 34. Re7 Kc8 35. Bxb7+ Kb8 36. Be4 Ra1 37. b5 Re1+ 38. Kd2 Ra1 39. Bxg6 Ra4 40. Kc3 Rg8 41. Be4 Rh8 42. Rb7+ Kc8 43. Rg7 Rxh3 44. Bf5+ Kd8 45. Bxh3 Ke8 46. Bc8 1-0

[Event "SLO-chT Central 1st League 20th"]
[Site "Slovenia"]
[Date "2019.11.07"]
[Round "8.3"]
[White "Babarovic, Fran"]
[Black "Cedilnik, Branko"]
[Result "0-1"]
[WhiteElo "1235"]
[BlackElo "1518"]
[PlyCount "60"]
[EventDate "2019.09.12"]
[EventType "team-tourn"]
[EventRounds "9"]
[EventCountry "SLO"]
[SourceTitle "EXT 2024"]
[Source "ChessBase"]
[SourceDate "2023.10.10"]
[SourceVersion "1"]
[SourceVersionDate "2023.10.10"]
[SourceQuality "1"]
[WhiteTeam "Komenda Pogi"]
[BlackTeam "Medvode"]
[WhiteTeamCountry "SLO"]
[BlackTeamCountry "SLO"]

1. e4 e6 2. d4 d5 3. e5 c5 4. Nf3 cxd4 5. Qxd4 Nc6 6. Bg5 Qxg5 7. Qxd5 exd5 8. Nxg5 Nxe5 9. Nc3 Nf6 10. 0-0-0 h6 11. Re1 Bd6 12. f4 hxg5 13. fxe5 Bxe5 14. Rxe5+ Be6 15. Bb5+ Ke7 16. Rhe1 Rxh2 17. Nxd5+ Nxd5 18. Rxd5 Kf6 19. Rf1+ Kg6 20. Bd3+ Kh6 21. Rd6 g6 22. Rf6 Kg7 23. Rf1 Rxg2 24. Be4 Re2 25. Bxb7 Rh8 26. Ba6 Reh2 27. Rg1 Bf5 28. c4 Rc2+ 29. Kd1 Rxb2 30. Rxg5 Rh1+ 0-1

[Event "SLO-chT Central 1st League 20th"]
[Site "Slovenia"]
[Date "2019.09.26"]
[Round "3.3"]
[White "Babarovic, Fran"]
[Black "Beganovic, Ajdin"]
[Result "1-0"]
[WhiteElo "1235"]
[BlackElo "1446"]
[PlyCount "29"]
[EventDate "2019.09.12"]
[EventType "team-tourn"]
[EventRounds "9"]
[EventCountry "SLO"]
[SourceTitle "EXT 2024"]
[Source "ChessBase"]
[SourceDate "2023.10.10"]
[SourceVersion "1"]
[SourceVersionDate "2023.10.10"]
[SourceQuality "1"]
[WhiteTeam "Komenda Pogi"]
[BlackTeam "Ljubljana SK"]
[WhiteTeamCountry "SLO"]
[BlackTeamCountry "SLO"]

1. e4 e5 2. Nf3 Nc6 3. Bc4 d6 4. Nc3 Nf6 5. d4 exd4 6. Nxd4 Nxd4 7. Qxd4 Be7 8. Bf4 0-0 9. 0-0 c5 10. Qe3 Ng4 11. Qg3 Bh4 12. Qf3 Re8 13. Bxd6 Qxd6 14. Qxf7+ Kh8 15. Qxe8+ 1-0

[Event "SLO-chT Central 1st League 20th"]
[Site "Slovenia"]
[Date "2019.09.12"]
[Round "1.2"]
[White "Mlacnik, Janez"]
[Black "Babarovic, Fran"]
[Result "1/2-1/2"]
[WhiteElo "1776"]
[BlackElo "1235"]
[PlyCount "44"]
[EventDate "2019.09.12"]
[EventType "team-tourn"]
[EventRounds "9"]
[EventCountry "SLO"]
[SourceTitle "EXT 2024"]
[Source "ChessBase"]
[SourceDate "2023.10.10"]
[SourceVersion "1"]
[SourceVersionDate "2023.10.10"]
[SourceQuality "1"]
[WhiteTeam "Ljubljana Karel Jeraj"]
[BlackTeam "Komenda Pogi"]
[WhiteTeamCountry "SLO"]
[BlackTeamCountry "SLO"]

1. d4 c6 2. Nf3 d5 3. e3 Bg4 4. Nbd2 Nf6 5. Bd3 Nbd7 6. c4 e5 7. cxd5 cxd5 8. dxe5 Nxe5 9. Bb5+ Bd7 10. Bxd7+ Nexd7 11. Qb3 Qc7 12. 0-0 Bd6 13. h3 0-0 14. Nd4 Nc5 15. Qc2 Qe7 16. Nf5 Qe5 17. Nxd6 Qxd6 18. Nf3 Rac8 19. Rd1 Nce4 20. Qb3 Nc5 21. Qc2 Nce4 22. Qd3 Nc5 1/2-1/2